000 00304nam a2200133 i 4500
001 bg
100 1 _aHuizinga, Johan
_d(1872-1945).
245 0 _aHomo Ludens /
_cJ. Huizing.
260 _aWarszawa,
_c1985.
040 _cBPK
041 _apol
942 _cKS
008 s pl f |000 0 pol
999 _c28134
_d28134
856 _uhttp://koha.tu.koszalin.pl/cgi-bin/koha/opac-detail.pl?biblionumber=28134
_yKatalog online BPK